| 000 | 00883cam a2200229 a 4500 | ||
|---|---|---|---|
| 999 |
_c57905 _d57905 |
||
| 001 | 17806601 | ||
| 005 | 20221114111308.0 | ||
| 008 | 130710s2013 enk b 001 0 eng d | ||
| 020 | _a9780199692729x | ||
| 041 | _aeng | ||
| 080 | _a327(4) K-78 | ||
| 100 | 1 |
_aKoutrakos, Panos _910880 |
|
| 245 | 1 | 4 |
_aThe EU common security and defence policy / _cPanos Koutrakos. |
| 250 | _aFirst edition. | ||
| 264 |
_aOxford, United Kingdom : _bOxford University Press, _c2013. |
||
| 300 |
_a318 p. ; _c24 cm. |
||
| 490 | 1 | _aOxford European Union law library | |
| 653 | _aThe EU Common Security and Defense Policy | ||
| 653 | _aევროკავშირის საერთო უსაფრთხოება და თავდაცვის პოლიტიკა | ||
| 653 | _aОбщая политика безопасности и обороны ЕС | ||
| 942 |
_2udc _cBK |
||